|
|
|
|
| LEADER |
01553nam a2200409 a 4500 |
| 001 |
001467027 |
| 003 |
CZ BrMZK |
| 005 |
20151102122200.0 |
| 007 |
ta |
| 008 |
150420s2014 xxu e 001 0 eng |
| 020 |
|
|
|a 978-1-4422-3137-5
|q (brož.)
|
| 040 |
|
|
|a BOA001
|b cze
|
| 043 |
|
|
|a e-ru---
|a a-gs---
|
| 045 |
|
|
|a y0y1
|
| 072 |
|
7 |
|a 355/359
|x Vojenství. Obrana země. Ozbrojené síly
|2 Konspekt
|9 15
|
| 080 |
|
|
|a 355.02
|2 MRF
|
| 080 |
|
|
|a 327.2
|2 MRF
|
| 080 |
|
|
|a 355.48(470.661)"1999/2009"
|2 MRF
|
| 080 |
|
|
|a 355.48(479.22)"2008"
|2 MRF
|
| 080 |
|
|
|a (470+571)
|2 MRF
|
| 080 |
|
|
|a (048.8)
|2 MRF
|
| 100 |
1 |
|
|a Herpen, Marcel van,
|d 1945-
|7 mzk2015868966
|4 aut
|
| 245 |
1 |
0 |
|a Putin's wars :
|b the rise of Russia's new imperialism /
|c Marcel H. Van Herpen
|
| 260 |
|
|
|a Lanham :
|b Rowman & Littlefield,
|c 2014
|
| 300 |
|
|
|a xvii, 277 s. ;
|c 23 cm
|
| 504 |
|
|
|a Obsahuje bibliografii, bibliografické odkazy a rejstřík
|
| 600 |
1 |
7 |
|a Putin, Vladimir Vladimirovič,
|d 1952-
|7 jn20001103098
|2 czenas
|
| 648 |
|
7 |
|a 21. století
|7 ch460559
|2 czenas
|
| 650 |
0 |
7 |
|a vojenská politika
|7 ph124245
|z Rusko
|y 21. století
|2 czenas
|
| 650 |
0 |
7 |
|a imperialismus
|7 ph121038
|z Rusko
|2 czenas
|
| 650 |
0 |
7 |
|a rusko-čečenská válka (1999-2009)
|7 ph194676
|2 czenas
|
| 650 |
0 |
7 |
|a válka v Jižní Osetii (2008)
|7 ph541851
|2 czenas
|
| 655 |
|
7 |
|a monografie
|7 fd132842
|2 czenas
|
| 910 |
|
|
|a BOA001
|b 2-1344.735
|
| 990 |
|
|
|a BK
|
| 991 |
|
|
|b 201511
|c NOV
|e n
|
| 996 |
7 |
|
|b 2610631353
|c 2-1344.735
|l Americká knihovna/3.patro
|r ZHR
|n 5
|p dar
|h 93/94 HER
|w 001502452
|u 000010
|a 0
|e BOA001
|j MZK50
|s A
|